LIBRARY & INFORMATION CENTRE, KCAET, TAVANUR

ONLINE PUBLIC ACCESS CATALOGUE (OPAC)

Dairy plant engineering and management / . (Record no. 11323)

MARC details
000 -LEADER
fixed length control field 00310cam a2200133ua 4500
041 ## - LANGUAGE CODE
Language code of text/sound track or separate title eng
082 ## - DEWEY DECIMAL CLASSIFICATION NUMBER
Classification number 637.14
Item number TUF/DA
100 ## - MAIN ENTRY--AUTHOR NAME
Personal name Ahmad, Tufail.
245 ## - TITLE STATEMENT
Title Dairy plant engineering and management / .
260 ## - PUBLICATION, DISTRIBUTION, ETC. (IMPRINT)
Place of publication Allahabad :
Name of publisher Kitab Mahal ,
Year of publication 1987.
300 ## - PHYSICAL DESCRIPTION
Number of Pages 542 ; .
942 ## - ADDED ENTRY ELEMENTS (KOHA)
Koha item type Books

No items available.

free website counter